"Old Jack" and his foot-cavalry, or A Virginian boy's progress to renow (Record no. 160918)

MARC details
000 -LEADER
campo de control de longitud fija 00736nam a2200169 i 4500
001 - NÚMERO DE CONTROL
campo de control 160918
003 - IDENTIFICADOR DE NÚMERO DE CONTROL
campo de control ES-MaACL
005 - FECHA Y HORA DE LA ÚLTIMA TRANSACCIÓN
campo de control 20230906212145.0
008 - DATOS DE LONGITUD FIJA--INFORMACIÓN GENERAL
campo de control de longitud fija 041005s1864 xxuf |||| | eng d
245 01 - MENCIÓN DEL TÍTULO
Título "Old Jack" and his foot-cavalry, or A Virginian boy's progress to renow
Resto del título : a story of the war in the Old Dominion.
260 ## - PUBLICACIÓN, DISTRIBUCIÓN, ETC.
Lugar de publicación, distribución, etc. New-York :
Nombre del editor, distribuidor, etc. published by John Bradburn,
Fecha de publicación, distribución, etc. 1864 (
Fabricante John A. Gray & Green)
300 ## - DESCRIPCIÓN FÍSICA
Extensión 300 p., [2] h. de lám. ;
Dimensiones 17 cm.
594 ## - Nota al título y mención de responsabilidad
Nota al título y mención de responsabilidad En la Library of Congress figura como posible autor Addey Markinfield.
740 02 - ENTRADA AGREGADA--TÍTULO RELACIONADO/ANALÍTICO NO CONTROLADO
Título relacionado o analítico no controlado Virginian boy's progress to renow.
752 ## - ENTRADA AGREGADA--NOMBRE JERÁRQUICO DEL LUGAR
País o entidad superior Estados Unidos de América -
Jurisdicción política intermedia Nueva York
852 ## - LOCALIZACIÓN
Ubicación ES-MaACL
Número de control de estantería D-1062
Nota libre - Enc. tela grab.
-- . - Legado de Modesto de la Fuente
Holdings
Estatus retirado Estado de pérdida Estado de daño No para préstamo Colección Biblioteca de origen Biblioteca actual Ubicación en estantería Fecha de adquisición Fuente de adquisición Total de préstamos Signatura topográfica completa Código de barras Visto por última vez Precio de reemplazo Tipo de ítem Koha
        Libros del s. XIX Biblioteca del Ateneo de Madrid Biblioteca del Ateneo de Madrid Sala Valle Inclán 17/01/2008     D-1062 901168524 23/02/2023 23/02/2023 Libro impreso antiguo